Statistics for Countries that Beat Guyana

Click here to take the quiz!

General Stats

  • This quiz has been taken 46 times
  • The average score is 8 of 15

Answer Stats

RankCategoryCountries% Correct
3Smallest country in South AmericaUruguay | Suriname
100%
4Countries closest to Trinidad and TobagoVenezuela | Grenada | Saint Vincent and the Grenadines
76%
2 (t)South America country that borders the least amount of countriesEcuador | Uruguay | Suriname | Paraguay
73%
5Highest % of population adhering to HinduismNepal | India | Mauritius | Fiji
70%
6Highest percentage of population whose first language is EnglishSaint Vincent and the Grenadines | Barbados | Ireland | United Kingdom | Grenada
70%
4Brazil’s shortest borderSuriname | France | Uruguay
68%
4Highest GDP per capita in the AmericasUnited States | Canada | Bahamas
68%
4Lowest obesity rate in South AmericaPeru | Ecuador | Bolivia
62%
3Most territory in Guiana ShieldVenezuela | Brazil
51%
3Highest percentage of non-resident Indian populationMauritius | United Arab Emirates
41%
1 (t)First country to join CARICOMBarbados | Jamaica | Trinidad and Tobago
38%
8Worst diabetes death rateFiji | Mauritius | Kiribati | Eswatini | Trinidad and Tobago | Tonga | Lesotho
38%
10Worst democracyMontenegro | North Macedonia | Thailand | Peru | Papua New Guinea | Moldova | Albania | Sri Lanka | Singapore
32%
2Highest average suicide rateLesotho
19%
3Fastest growing GDPLibya | Maldives
14%

Score Distribution

Percentile by Number Answered

Percent of People with Each Score

Your Score History

You have not taken this quiz